Estatísticas para Campeões Nacionais Futebol

Clique aqui para jogar o quiz

Estatísticas Gerais

  • Esse quiz foi jogado 237 vezes
  • A pontuação média é 7 de 11

Estatísticas das Respostas

PaísCampeão% Correto
BrasilPalmeiras
95%
ArgentinaRiver Plate
95%
ChileColo Colo
74%
ColombiaAtlético Nacional
66%
UruguaiPeñarol
64%
MexicoAmérica
59%
BoliviaBolívar
59%
ParaguaiOlimpia
57%
EquadorBarcelona de Guayaquil
48%
VenezuelaCaracas
40%
PeruUniversitario de Deportes
29%

Distribuição das Pontuações

Percentil de Números Respondidos

Porcentagem de Pessoas com Cada Pontuação

Sua Pontuação Histórica

Você não jogou esse quiz